[Event "Xtracon Chess Open 2018"]
[Site "Elsinore"]
[Date "2018.07.26"]
[Round "7"]
[White "Song, Edward"]
[Black "Colbow, Collin"]
[Result "1/2-1/2"]
[WhiteElo "2275"]
[BlackElo "2055"]
[PlyCount "101"]
[EventDate "2018.07.21"]
[EventRounds "10"]

1. Nf3 Nf6 2. c4 e6 3. g3 d5 4. Bg2 dxc4 5. O-O Nbd7 6. Qc2 c5 7. Na3 Be7 8.
Nxc4 O-O 9. b3 b5 10. Nfe5 Nd5 11. Nc6 Qe8 12. Nxe7+ Qxe7 13. Ne3 Bb7 14. Nxd5
Bxd5 15. e4 Bb7 16. Bb2 Rac8 17. d3 Nb6 18. Rad1 Rfd8 19. Qc3 f6 20. h4 b4 21.
Qc1 a5 22. g4 Ba6 23. Qe3 Rc7 24. Rd2 a4 25. g5 fxg5 26. hxg5 Rcd7 27. Rfd1 e5
28. Qg3 c4 29. Bxe5 c3 30. Bf6 Qf7 31. Bxd8 Rxd8 32. Rc2 axb3 33. axb3 Qxb3 34.
Qc7 Rc8 35. Qxb6 Qxc2 36. Ra1 Rf8 37. Rxa6 Qc1+ 38. Kh2 Qf4+ 39. Kh3 c2 40. Ra1
c1=Q 41. Rxc1 Qxc1 42. Qxb4 Qxg5 43. Qc4+ Kh8 44. f3 h5 45. Qb4 Rd8 46. d4 Qf4
47. Qe7 Rxd4 48. Qe8+ Kh7 49. Qxh5+ Qh6 50. Qxh6+ Kxh6 51. f4 1/2-1/2

[Event "Xtracon Chess Open 2018"]
[Site "Elsinore"]
[Date "2018.07.27"]
[Round "8"]
[White "Colbow, Collin"]
[Black "Storme, Isak"]
[Result "1/2-1/2"]
[WhiteElo "2055"]
[BlackElo "2277"]
[PlyCount "170"]
[EventDate "2018.07.21"]
[EventRounds "10"]

1. e4 c5 2. Nf3 e6 3. d4 cxd4 4. Nxd4 Nc6 5. Nc3 Qc7 6. Be2 a6 7. Be3 Nf6 8. a3
Be7 9. f4 d6 10. g4 Nd7 11. g5 O-O 12. h4 b5 13. h5 Bb7 14. Rg1 Nxd4 15. Qxd4
e5 16. Qd2 exf4 17. Bxf4 Ne5 18. O-O-O Rac8 19. Rg3 Rfe8 20. g6 hxg6 21. Bxe5
dxe5 22. hxg6 fxg6 23. Bg4 Bh4 24. Rd3 Rcd8 25. Nd5 Bxd5 26. exd5 e4 27. Rh3
Bg3 28. Qe2 Qd6 29. Kb1 Bf4 30. Rc3 Qe5 31. Be6+ Rxe6 32. dxe6 Rxd1+ 33. Qxd1
Qxe6 34. Qd8+ Kh7 35. Qh4+ Bh6 36. Re3 Qd5 37. Rxe4 Qd1+ 38. Ka2 Qxc2 39. Re8
Qc6 40. Qd8 Qc4+ 41. Kb1 Qf1+ 42. Ka2 Qf7+ 43. Kb1 Qf5+ 44. Ka2 g5 45. Rh8+ Kg6
46. Qd6+ Qf6 47. Qd3+ Qf5 48. Qd6+ Kh5 49. Rf8 Qe4 50. Rf2 g4 51. Rh2+ Kg5 52.
Rd2 Qf4 53. Qd8+ Kg6 54. Rd6+ Kh7 55. Rd1 Qf3 56. Rd3 Qe4 57. Qd7 Qc4+ 58. Ka1
Qf4 59. Rd4 Qf1+ 60. Rd1 Qf3 61. Rg1 g3 62. Qh3 Qe2 63. Qxg3 Qc2 64. Qg4 a5 65.
Qh5 Qd3 66. Rd1 Qc2 67. Rf1 Qd3 68. Qf5+ Qxf5 69. Rxf5 g5 70. Rxb5 g4 71. Rxa5
Kg6 72. Rc5 g3 73. Rc2 Be3 74. Rg2 Bf2 75. b4 Kf5 76. Kb2 Ke4 77. Kc3 Kf3 78.
Rxg3+ Bxg3 79. Kc4 Ke4 80. Kc5 Kd3 81. a4 Bf2+ 82. Kb5 Kc3 83. a5 Kb3 84. a6
Ba7 85. Ka5 Kc4 1/2-1/2

[Event "Istanbul ol (Men) 40th"]
[Site "Istanbul"]
[Date "2012.09.03"]
[Round "6.4"]
[White "Avrukh, Boris"]
[Black "Gupta, Abhijeet"]
[Result "1-0"]
[WhiteElo "2605"]
[BlackElo "2637"]
[Annotator "Gute Eröffnungen 16 Avrukh,B"]
[PlyCount "34"]
[EventDate "2012.08.28"]
[EventType "team-swiss"]
[EventRounds "11"]
[EventCountry "TUR"]
[SourceTitle "CBM 151"]
[Source "ChessBase"]
[SourceDate "2012.11.13"]
[SourceVersion "1"]
[SourceVersionDate "2012.11.13"]
[SourceQuality "1"]
[WhiteTeam "Israel"]
[BlackTeam "India"]
[WhiteTeamCountry "ISR"]
[BlackTeamCountry "IND"]

1. d4 Nf6 2. c4 g6 3. g3 c6 {Definitely the most solid system for Black
against White's fianchetto.} 4. Bg2 d5 5. Qa4 {[#] I have also tried other
moves for White, but in this important game I decided to surprise my opponent
with the text.} dxc4 {One of the few reliable moves for Black. Alternatives
are:} (5... Bg7) (5... Nbd7 {and even}) (5... Nfd7) 6. Qxc4 Bg7 (6... Be6 7.
Qa4 Bd5 8. Nf3) 7. Nf3 O-O 8. O-O Bf5 9. Nc3 Nbd7 {Finally we have reached a
quite well-known theoretical line.} 10. h3 {In general Black is doing quite OK
in main lines of this variation, so during my preparation I paid attention to
this rare continuation.} Ne4 11. Qb3 $5 $146 {[%mdl 8] [#] This is my new idea.
} ({White previously tried:} 11. Rd1 {Wojtkiewicz,A (2540)-Antonio,R (2490)/
Bacolod 1991. Now Black could have solved his opening problems instantly by
means of} Nxc3 $5 12. bxc3 Bc2 $1 13. Re1 Nb6 14. Qc5 Qd6 $1) ({It seems to me
that} 11. g4 {is too aggressive:} Be6 12. Qd3 Nxc3 13. bxc3 {as occured in
Makarov,M (2518)-Levin,E (2500)/St Petersburg 2010/CBM 137 (25), after the
simple} Nb6 $1 $15 {I would prefer Black's position, since White's kingside
might become vulnerable.}) 11... Nb6 ({Black's other option is} 11... Qb6 12.
Bf4 (12. g4 Qxb3 13. axb3 Nxc3 14. bxc3 Bc2 15. Ra2 (15. Ra3 e5 16. Be3 Be4 17.
Nxe5 Bxg2 18. Nxd7 (18. Kxg2 Nxe5 19. dxe5 Bxe5 20. c4 a6 21. Bb6 Bf6 22. Rd1
Bd8 23. Bc5 Re8 24. Ra2 (24. Rd7 Rxe2 (24... b5) (24... b6 25. Be3 Re7 26.
Rxd8+ Rxd8 27. Bg5) 25. Rxb7) 24... Be7) 18... Bxf1) 15... Bxb3 16. Rb2 Be6 17.
Rxb7) 12... Qxb3 13. axb3) 12. a4 $1 {Creating the unpleasant idea of chasing
off the knight from b6 by means of a4-a5.} a5 {There is no doubt that is not
the most desirable move, (tit makes Black's knight vulnerable on b6), but after
} (12... Nd6 {Black allows White to gain space in the centre} 13. a5 ({Also
the quiet} 13. Re1 $5 {comes into consideration.}) 13... Be6 14. Qc2 Nd5 (14...
Nbc4 {runs into the unpleasant} 15. a6 $1) 15. e4 $14 {etc.}) 13. Rd1 Ra6 {
Protecting the knight on b6 with the rook allows Black to free his queen.} ({
In case of} 13... Nd6 14. Re1 Be6 15. Qd1 Nd5 16. Ng5 $1 {White has better
chances.} (16. e4 Nb4 {is less clear.})) 14. Ne1 {[#] White starts his fight
for the central squares.} Be6 15. Qc2 Nxc3 16. bxc3 Qc8 $6 {[%csl Gh3][%cal
Gc6c5] A very tempting continuation, that actually appears to be a serious
inaccuracy.} ({Better would have been} 16... Nd7 {then after} 17. Rb1 Rb6 18.
Bf4 Bc4 19. Nf3 $14 {White retains a pleasant edge.}) 17. Kh2 {Unfortunately I
failed to exploit Black's inaccuracy, because in the line} (17. Nd3 $1 Bxh3 18.
Bxh3 Qxh3 {I didn't notice the quiet} 19. Rb1 $1 {[%csl Gb6,Gb7][%cal Gd3c5]} (
{only checking} 19. Nc5 Ra7 20. Rb1 Nd7 {which didn't appeal to me, due to the
idea of Nf6-g4 if White captures on b7.}) 19... Qf5 20. Re1 $1 $16 {and White
regains the pawn with a serious advantage.}) 17... c5 $1 $132 {Now Black is
getting enough counterplay.} 1-0

[Event "Tata Steel-A 78th"]
[Site "Wijk aan Zee"]
[Date "2016.01.19"]
[Round "4"]
[White "Carlsen, Magnus"]
[Black "Mamedyarov, Shakhriyar"]
[Result "1/2-1/2"]
[WhiteElo "2844"]
[BlackElo "2747"]
[Annotator "Gute Eröffnungen 16 Avrukh, Krallmann"]
[PlyCount "72"]
[EventDate "2016.01.16"]
[EventType "tourn"]
[EventRounds "13"]
[EventCountry "NED"]
[EventCategory "20"]
[SourceTitle "CBM 171"]
[Source "ChessBase"]
[SourceDate "2016.03.14"]
[SourceVersion "2"]
[SourceVersionDate "2016.03.14"]
[SourceQuality "1"]

1. d4 Nf6 2. c4 g6 3. g3 c6 4. Bg2 d5 5. Qa4 a6 6. cxd5 b5 7. Qd1 cxd5 8. Nf3
Bg7 {[#]} 9. Bf4 ({An dieser Stelle plädiert Avrukh für} 9. a4 bxa4 (9... b4
10. O-O O-O 11. Nbd2 Nc6 12. Nb3 Bf5 (12... Ne4 13. Bf4 Bb7 14. Qd3 e6 15. Rfc1
{Weiß übt ein leichten, aber nachhaltigen Druck auf die schwarze Stellung
aus.}) 13. Be3 (13. Bf4 Rc8 14. Rc1 Ne4 15. Ne5 {mit Ausgleich}) 13... Rc8 14.
Rc1 {Weiß hat aufgrund der schwarzen Felderschwächen am Damenflügel das
einfachere Spiel.}) 10. Nc3 O-O 11. O-O Nc6 12. Bf4 Bf5 13. Ne5 Nb4 14. Qxa4 {
Weiß hat am Damenflügel gutes Spiel.}) 9... O-O 10. O-O Nc6 11. Ne5 Bb7 12.
Nxc6 Bxc6 13. Be5 e6 14. Nd2 Bh6 15. Rc1 Rc8 16. Bxf6 ({Hier habe ich eine
kleine Verbesserung gefunden} 16. e3 Qe7 17. Bxf6 Qxf6 18. b4 Bd7 19. Nb3 Rc4
20. Qd2 Rfc8 21. Nc5 Be8 (21... Qe7 $6 22. Nxa6 $16) 22. Rfd1 {Weiß steht
aufgrund der dominanten Position des Springers etwas besser.} (22. Nxa6 $6 e5
$1 $15)) 16... Qxf6 17. e3 b4 18. Re1 Qd8 19. Bf1 Qb6 20. Nf3 Rc7 21. Qd3 Ra8
22. Rc2 Bf8 23. Rec1 Bd6 24. Ne5 Bb5 25. Qd1 Bxe5 26. dxe5 Rac8 27. Rxc7 Rxc7
28. Rxc7 Qxc7 29. Bxb5 axb5 30. Qd4 Qa5 31. Kg2 Kg7 32. b3 Qxa2 33. Qxb4 Qc2
34. Qxb5 Qe4+ 35. Kg1 Qb1+ 36. Kg2 Qe4+ 1/2-1/2

[Event "Paris GCT Rapid"]
[Site "Paris"]
[Date "2017.06.22"]
[Round "4"]
[White "Mamedyarov, Shakhriyar"]
[Black "Vachier Lagrave, Maxime"]
[Result "1-0"]
[WhiteElo "2800"]
[BlackElo "2796"]
[Annotator "Gute Eröffnungen 16 Yermolinsky,A"]
[PlyCount "55"]
[EventDate "2017.06.21"]
[EventType "tourn (rapid)"]
[EventRounds "9"]
[EventCountry "FRA"]
[EventCategory "22"]
[SourceTitle "CBM 179"]
[Source "ChessBase"]
[SourceDate "2017.07.12"]
[SourceVersion "1"]
[SourceVersionDate "2017.07.12"]
[SourceQuality "1"]

1. d4 Nf6 2. c4 g6 3. g3 c6 4. Bg2 d5 5. Qa4 Nfd7 $1 6. cxd5 Nb6 {A standard
spot for the king's knight in the Grünfeld.} 7. Qd1 cxd5 8. Nc3 Nc6 9. a4 $5 {
[#] Shak always seeks new ideas.} (9. Nf3 Bg7 10. O-O O-O {is known to be
comfortable for Black.}) (9. e3 $5 Bg7 10. Nge2 O-O 11. O-O Re8 12. b3 e5 13.
dxe5 Nxe5 {Topalov-Giri, London 2015.}) (9. h4 $5) 9... e6 $2 {This is exactly
what White was hoping for. The fate of Bc8 is sealed.} ({Compare to} 9... a5
10. Bf4 Bf5 $1 11. Nb5 Rc8) 10. Nf3 Bg7 11. h4 h6 12. O-O O-O 13. b3 Re8 14.
Bf4 $1 {Not allowing Black to break out with e6-e5.} a6 15. Qd2 Kh7 16. Rad1
Bd7 {[#]} 17. e4 $1 {Shak gets down to business.} dxe4 18. Nxe4 Nd5 19. Rfe1
Qb6 20. h5 $1 g5 21. Bd6 Rad8 {Now the black rooks get tangled up.} ({Problem
is,} 21... Red8 {invites} 22. Nexg5+ hxg5 23. Nxg5+ Kg8 24. Bxd5 $1 exd5 25.
Qd3 f5 26. Qf3 Qa5 27. h6 {with mate just around the corner.}) 22. Bc5 $1 ({
In this setting} 22. Nfxg5+ hxg5 23. Nxg5+ Kg8 24. Qd3 f5 25. Bxd5 exd5 26. Qf3
{meets with} Nxd4 27. Qxd5+ Be6 $1 {That's where Re8 comes in handy.}) 22...
Qc7 23. Nd6 Nxd4 $6 {Desperation, Nevada.} (23... Rf8 24. Nc4 {wins the
exchange, as the other threat is Bb6.}) 24. Bxd4 (24. Nxd4 Qxc5 25. Nxf7 Rc8
26. Nxe6 Bxe6 27. Qd3+ Kg8 28. Rxe6 Rxe6 29. Bxd5 Rce8 30. Nd8 {wouldn't be
too shabby either.}) 24... Qxd6 25. Nxg5+ $1 Kg8 (25... hxg5 26. Bxg7 Kxg7 27.
Qxg5+ Kf8 28. h6 e5 29. h7 {and White QUEENS.}) 26. Ne4 Qb8 (26... Qf8 27. Bc5
Ne7 28. Qb4 {looks very depressing.}) 27. Bxg7 Kxg7 28. Qb2+ 1-0

[Event "Bundesliga 1617"]
[Site "Germany"]
[Date "2017.04.30"]
[Round "14.3"]
[White "Bluebaum, Matthias"]
[Black "Mista, Aleksander"]
[Result "1/2-1/2"]
[WhiteElo "2642"]
[BlackElo "2588"]
[Annotator "Gute Eröffnungen 16 Matthias Krallmann"]
[PlyCount "74"]
[EventDate "2016.10.15"]
[EventType "team-tourn"]
[EventRounds "15"]
[EventCountry "GER"]
[SourceTitle "CBM 178"]
[Source "ChessBase"]
[SourceDate "2017.05.14"]
[SourceVersion "1"]
[SourceVersionDate "2017.05.14"]
[SourceQuality "1"]
[WhiteTeam "Werder Bremen"]
[BlackTeam "Berlin SF"]
[WhiteTeamCountry "GER"]
[BlackTeamCountry "GER"]

1. d4 Nf6 2. c4 g6 3. g3 c6 4. Bg2 d5 5. Qa4 Bg7 6. cxd5 Nxd5 7. Nf3 Nb6 8. Qc2
Bg4 {[#]} ({Aus praktischen Gründen ist es nicht empfehlenswert den
angebotenen Bauern zu schlagen. Auch wenn sich kein konkreter Vorteil
nachweisen lässt, hat Weiß mit dem Läuferpaar genügend Kompensation. Die
schwarzen Felderschwächen um den eigenen König erschweren das Spiel des
Nachziehenden.} 8... Bxd4 9. Nxd4 Qxd4 10. Nc3 (10. Bh6 Bf5 11. e4 Be6 12. O-O
$44) 10... O-O 11. Bh6 Re8 12. O-O $44) (8... O-O 9. O-O Na6 10. Rd1 Nb4 11.
Qc3 N4d5 12. Qe1 $1 $14) (8... Bf5 9. e4 Bg4 10. Nbd2 O-O 11. O-O Bxd4 12. Nxd4
Qxd4 13. Nb3 Qc4 14. Qd2 N8d7 15. Na5 Qb5 16. h3 Be6 17. b3 $44) 9. e3 N8d7 10.
O-O O-O 11. Nbd2 c5 12. h3 Bxf3 13. Nxf3 Rc8 14. Qe2 Qc7 15. Rd1 cxd4 16. Nxd4
Ne5 17. b3 $6 ({An dieser Stelle hätte Matthias besser spielen können und
danach klaren Vorteil gehabt.} 17. Bd2 Nec4 (17... Nc6 18. Nxc6 bxc6 19. Be1 c5
20. a4 $16) 18. Bb4 $16) 17... Nc6 18. Bb2 Nxd4 19. Bxd4 Rfd8 20. Bxg7 Kxg7 21.
Qb2+ e5 22. Qa3 Rxd1+ 23. Rxd1 Ra8 24. Rc1 Qd7 25. Qc5 Re8 26. Qa5 Nc8 27. Qc7
Qd2 28. Bxb7 $6 (28. Bf3 {Zu schnell zugegriffen: viel einfacher ist es, erst
die Figurenstellung zu verbessern und die Dominanz zu erhalten.} e4 29. Rd1 Qb4
30. Bg2 Qb6 31. Qd7 $16) 28... Nd6 {[#] Den folgenden Zug spielt kein Mensch
gern, aber der Computer findet eine Möglichkeit den weißen Vorteil zu
behaupten.} 29. Ba6 $6 (29. Ra1 Nxb7 30. Qxb7 Qb2 31. Rd1 Qxa2 32. Rd7 Qb1+ 33.
Kg2 Qf5 34. Qxa7 Qe4+ 35. Kh2 Qf3 36. Rd2 h5 37. Qa1 $16) 29... Qxa2 30. Qxd6
Re6 31. Qd8 Rf6 $1 {Von Matthias übersehen. Jetzt rettet sich Schwarz ins
Dauerschach.} (31... Rxa6 32. Rc8 Qxb3 33. Qf8+ Kf6 34. Qh8+ Kf5 35. Rc5 {
und Weiß wird den schwarzen Wanderkönig früher oder später gefangen nehmen.
}) 32. Bf1 Qxf2+ 33. Kh1 Qxe3 34. Qc7 Rf2 35. Bg2 Rxg2 36. Kxg2 Qe2+ 37. Kg1
Qe3+ 1/2-1/2

[Event "Dresden ZMDI op"]
[Site "Dresden"]
[Date "2015.08.23"]
[Round "9"]
[White "Roiz, Michael"]
[Black "Wagner, Dennis"]
[Result "1-0"]
[WhiteElo "2595"]
[BlackElo "2569"]
[Annotator "Gute Eröffnungen 16 Roiz,M"]
[PlyCount "79"]
[EventDate "2015.08.15"]
[EventType "swiss"]
[EventRounds "9"]
[EventCountry "GER"]
[SourceTitle "CBM 168"]
[Source "ChessBase"]
[SourceDate "2015.09.14"]
[SourceVersion "1"]
[SourceVersionDate "2015.09.14"]
[SourceQuality "1"]

1. d4 Nf6 2. c4 g6 3. g3 c6 {Even though my opponent's usual response here is
3...Bg7, his solid choice wasn't fully unexpected. This game was played in the
last round, when draw would enable Dennis to share the first place, so he had
every reason for not taking too much risk.} 4. Bg2 d5 5. Qa4 {At the same time,
this move came as a surprise, since I had never used it in my practice before.}
Nfd7 {One of the most principled responses - Black is trying to provoke
releasing the pressure in the centre in order put the Nb8 on c6, which is the
most natural square.} ({Instead, there were many alternatives:} 5... dxc4 {
offers White superiority in the centre, so after} 6. Qxc4 Be6 7. Qa4 Bg7 8. Nf3
O-O 9. O-O {I do not like Black's position.}) (5... Nbd7 6. cxd5 Nb6 {has been
played by many strong players, but the Nb6 remains rather misplaced, so
White's position seems preferable after} 7. Qb3 cxd5 8. Nc3 $14) (5... Bg7 $5 {
deserves serious attention:} 6. cxd5 Nxd5 7. Nf3 O-O 8. O-O Bf5 {fighting for
control over the e4-spot.}) 6. cxd5 ({Quite popular on the high level is:} 6.
Qc2 dxc4 7. Qxc4 Bg7 (7... Nb6 8. Qd3 Na6 9. Nf3 Bg7 10. O-O O-O 11. Rd1 c5 12.
Nc3 Bf5 $132 {1-0 Vachier Lagrave,M (2742)-Volokitin,A (2683)/Germany 2013}) 8.
Nf3 O-O 9. O-O e5 10. dxe5 Nxe5 11. Nxe5 Bxe5 $11 {1/2 Akopian,V (2681)
-Mamedov,R (2647)/Warsaw 2013}) 6... Nb6 7. Qd1 {In my opinion, this
modest-looking retreat is the only way to pose Black any problems.} ({After} 7.
Qb3 cxd5 8. Nc3 Nc6 9. e3 e6 10. Nge2 Bg7 11. O-O O-O 12. Rd1 Bd7 {like was
played in Bocharov,D (2613)-Sturua,Z (2513)/Abu Dhabi 2009, Black's position
looks absolutely normal.}) 7... cxd5 8. Nc3 Bg7 9. e3 O-O 10. Nge2 Nc6 11. O-O
e6 $146 {[#] Protecting the central Pd5 in order to put the bishop on d7. This
natural move was played after more than 20 minutes of thinking.} (11... Bg4 {
The more active way of development was this, but after} 12. a4 {Black still
experiences some problems:} a5 (12... e6 $4 13. f3 $18 {1-0 Saduakassova,D 
(2401)-Lei Tingjie (2436)/Al-Ain UAE 2015 (36)}) 13. h3 Bxe2 14. Qxe2 $14 {
White keeps on a slight advantage mainly due to a poor placement of the Nb6.})
12. b3 {That is the idea behind White's 7th move - the Nb6 is comfortably
restricted now.} a5 {A double-edged decision: Black secures the b4-spot for
the knight, but the Pa5 is rather vulnerable now.} 13. a4 ({Nothing special is
promised by} 13. Ba3 Nb4 14. Qd2 Bd7 15. Nf4 Qe7 16. Nd3 Rfc8 {and it looks
like Black should be able to regroup his forces.}) 13... Bd7 {A standard
developing move, which is connected with an original plan.} ({I was mainly
expecting:} 13... Nb4 14. Ba3 Re8 15. Na2 (15. Bxb4 $6 axb4 16. Na2 Bf8 17. Qd2
Nd7 18. Nf4 Nb8 19. Rfc1 Nc6 $11) 15... Nxa2 16. Rxa2 Bd7 17. Nf4 $14) 14. Ba3
Re8 15. Qd2 ({After} 15. Nb5 Nc8 16. Qd2 Nb4 $1 17. Bxb4 axb4 18. Qxb4 Qb6 $1 {
Black manages to win the pawn back and solve all the problems.}) 15... Nc8 {
The knight is heading to a7 - it is not the most usual setup, but Black
desperately lacks space for the minor pieces.} 16. Nf4 {The knight is coming
to d3 in order to cover the important b4-spot.} Rb8 {This move looks somewhat
mysterious, but it can hardly be considered as a serious mistake.} ({Possibly,
the most natural} 16... Nb4 {was rejected by Dennis in view of:} 17. Bxb4 {
(Definitely not the only way to fight for an advantage, but why not grab a
pawn)} axb4 18. Na2 Bf8 19. Nxb4 Qa5 20. Nfd3 b5 21. Nc5 Bxc5 22. dxc5 bxa4 23.
Qd4 $14) ({The exchange of the dark-squared bishops has some drawbacks too:} 
16... Bf8 17. Bxf8 Rxf8 18. e4 dxe4 19. Nxe4 $14) 17. Nd3 $6 ({Keeping the
knight on f4 for a while seems more flexible:} 17. Rfc1 $142 $1 b6 18. h4 N8a7
19. Bf1 {[#] Black's position is rather unpleasant, since many pieces are
clearly misplaced.}) 17... b6 18. Rac1 N8a7 19. Rc2 Bc8 20. Rfc1 Ba6 21. Ne2
Qd7 22. Ne5 Bxe5 23. dxe5 Ra8 24. Bd6 Rec8 25. Nf4 Qe8 26. h4 Ne7 27. e4 dxe4
28. Bxe4 Rxc2 29. Rxc2 Rc8 30. Rc7 Nac6 31. Qe3 Rxc7 32. Bxc7 Nc8 33. Bxb6 Nxe5
34. Bxa5 Qd7 35. Bc3 Ng4 36. Qd2 Qc7 37. Bf3 Ne5 38. Bg2 Na7 39. Qd4 f6 40.
Nxe6 1-0

[Event "Stockholm Hasselbacken op"]
[Site "Stockholm"]
[Date "2016.05.01"]
[Round "2"]
[White "Tkachiev, Vladislav"]
[Black "Brookes, Christopher"]
[Result "1-0"]
[WhiteElo "2660"]
[BlackElo "2213"]
[Annotator "Gute Eröffnungen 16 Avrukh, Krallmann"]
[PlyCount "33"]
[EventDate "2016.04.30"]
[EventType "swiss"]
[EventRounds "9"]
[EventCountry "SWE"]
[SourceTitle "CBM 172 Extra"]
[Source "ChessBase"]
[SourceDate "2016.06.21"]
[SourceVersion "1"]
[SourceVersionDate "2016.06.21"]
[SourceQuality "1"]

1. d4 Nf6 2. c4 g6 3. g3 c6 4. Bg2 d5 5. Qa4 Nfd7 6. cxd5 Nb6 7. Qd1 cxd5 8.
Nc3 Bg7 9. e3 Nc6 10. Nge2 O-O 11. O-O {[#]} e6 ({Es ist für Schwarz
empfehlenswert, den Läufer außerhalb der Bauernkette zu platzieren. Es ist
damit zwar nahezu unausweichlich, dass Weiß das Läuferpaar erhält, aber
aufgrund der festgelegten Struktur kann Schwarz damit umgehen.} 11... Bg4 $1
12. a4 (12. h3 Bxe2 13. Qxe2 (13. Nxe2 $5) 13... Rc8 14. Bd2 e6 15. Rfc1 Qe7
16. Be1 a6 17. b3 Rc7 18. Qb2 Rfc8 19. Ne2 e5 $6 (19... Nd7 $11) 20. dxe5 Nxe5
(20... Bxe5 21. Bc3 Bxc3 22. Rxc3 d4 (22... Qf6 23. Rd1 d4 24. Rcd3 (24. Rcc1)
24... Ne5 25. Rxd4 Rc2 26. Rd8+ Kg7) 23. Nxd4 Nxd4 24. Rxc7) 21. Rxc7 Rxc7 22.
Nd4 $14) 12... Bxe2 (12... e6 $4 13. f3 $18) 13. Qxe2 e6 14. b3 Rc8 15. Bd2 {
Weiß hat minimalen Vorteil}) 12. b3 a5 13. Qd2 Re8 14. Ba3 Nb4 15. Nb5 Bf8 16.
Rfc1 Rb8 17. Nf4 {Weiß steht etwas besser} 1-0

[Event "43rd Olympiad 2018"]
[Site "Batumi GEO"]
[Date "2018.10.01"]
[Round "7.9"]
[White "Perez Candelario, Man"]
[Black "Rizouk, A."]
[Result "1-0"]
[WhiteElo "2590"]
[BlackElo "2445"]
[Annotator "Sammelsurium (6), OH"]
[PlyCount "30"]
[EventDate "2018.09.24"]
[EventType "team"]
[EventRounds "11"]
[EventCountry "GEO"]
[SourceTitle "The Week in Chess 1247"]
[Source "Mark Crowther"]
[SourceDate "2018.10.01"]
[SourceVersion "1"]
[SourceVersionDate "2018.10.01"]
[SourceQuality "2"]
[WhiteTeam "Spain"]
[BlackTeam "Algeria"]
[WhiteTeamCountry "ESP"]
[BlackTeamCountry "ALG"]

1. e4 d5 2. exd5 Qxd5 3. Nc3 Qa5 4. Bc4 Nf6 5. d3 c6 6. Qe2 Bf5 7. Bd2 Nbd7 $4
{Diagramm [#] Für einen Großmeister ein erstaunlicher Fehler.} ({Normal sind
hier} 7... Qc7 {und}) (7... e6) 8. Nb5 $1 {Die Widerlegung.} Qxd2+ {Schwarz
muss die Dame geben.} ({Nach} 8... Qd8 {folgt} 9. Nd6# {mit Matt, wie z. B. in
Reefschlaeger,H (2326)-Ehrlacher,M/Bad Wildbad 2002/EXT 2003}) ({Und auf} 8...
Qb6 9. Nd6+ Kd8 10. Nxf7+ Kc7 11. Nxh8 Qxb2 12. Rc1 $18 {gewinnt Weiß einen
Turm.}) 9. Qxd2 cxb5 10. Bxb5 {Die Partie ist vorbei. Schwarz hat nicht
genügend Material für seine Lady bekommen. Der Rest ist nur noch Agonie.} a6
11. Bxd7+ Bxd7 12. Nf3 Bc6 13. Qf4 O-O-O 14. Ne5 Bxg2 15. Rg1 Bd5 1-0